Statistics for Capitals AND Countries That Start With A

Click here to take the quiz!

General Stats

  • This quiz has been taken 3,650 times
  • The average score is 22 of 27

Answer Stats

Answer % Correct
CountryAustralia
96%
CountryAustria
95%
CountryAlgeria
94%
CountryAzerbaijan
94%
CountryAngola
93%
CountryArmenia
93%
CountryAndorra
92%
CountryArgentina
92%
CountryAntigua and Barbuda
91%
CountryAfghanistan
90%
CountryAlbania
90%
CapitalAlgiers
82%
CapitalAndorra la Vella
81%
CapitalAnkara
78%
CapitalAmsterdam
77%
CapitalAccra
76%
CapitalAstana
75%
CapitalAddis Ababa
74%
CapitalAntananarivo
74%
CapitalAthens
74%
CapitalAmman
73%
CapitalAbuja
72%
CapitalAsmara
72%
CapitalAsunciĆ³n
72%
CapitalApia
71%
CapitalAbu Dhabi
70%
CapitalAshgabat
67%

Score Distribution

Percentile by Number Answered

Percent of People with Each Score

Your Score History

You have not taken this quiz